000 00516nam a2200193Ia 4500
005 20240704082834.0
008 131103s9999 xx 000 0 und d
040 _aLoreto College
041 _aEnglish
082 _a510
_bHAL
100 _aHall, H.S.
245 _aElementary algebra for schools
_b containing a full treatment og graphs
_cH.S.Hall and S.R.Knight
260 _aLondon
_bMacmillan
_c1932
300 _a516p
650 _aMathematics
700 _aKnight,S.R.
850 _aLCBED
942 _cBK
999 _c28140
_d78619